000 00505nam a22001817a 4500
003 OSt
005 20250617144552.0
008 250617b |||||||| |||| 00| 0 eng d
020 _a0903032104
040 _aKABU
_cKABU
050 _aRS141.3
_b.B72 1996
245 _aBritish herbal pharmacopoeia 1996
260 _aGreat Britain:
_bBritish herbal medicine association,
_c1996
300 _a212p.
500 _aIncludes index
650 _aMateria medica, Vegetable.
_xPharmacopoeias.
942 _2lcc
_cBK
999 _c20745
_d20744